000 01081nam a2200253 a 4500
001 000016490
005 20250221073754.0
008 100305s1996 dr b 000 0 spa d
040 _aDO-SdBNP
_bspa
_cBNPHU
082 _a304.6097293
_bR426s, 1996
110 1 _aRepública Dominicana
_bSecretariado Técnico de la Presidencia
_bOficina Nacional de Estadística
_910866
245 1 0 _aVII censo nacional de población y vivienda.
246 1 0 _aSéptimo censo nacional de población y vivienda
260 _aSanto Domingo :
_bONE,
_c1996.
300 _av. ;
_c29 cm.
500 _aLa biblioteca posee el v.5, t.1
505 0 _gv.5 , t.1.
_tResultados definitivos de barrios del Distrito Nacional, abril 1997
590 _aInventariado, 2018/VM
650 4 _aViviendas
_zRepública Dominicana
_xEstadísticas
_y1997
_936717
651 4 _aRepública Dominicana
_xPoblación
_xEstadísticas
_y1997
_936718
651 4 _aRepública Dominicana
_xCensos
_y1997
_936719
710 1 2 _aRepública Dominicana.
_bOficina Nacional de Estadística
_95775
910 _aValidado. Control de calidad MFF
999 _c16025
_d16025